[Event "ch-RUS Rapid Women 2017"]
[Site "Sochi RUS"]
[Date "2017.10.01"]
[Round "11.5"]
[White "Tomilova, Elena"]
[Black "Vasilevich, Tatjana"]
[Result "0-1"]
[WhiteTitle "WIM"]
[BlackTitle "IM"]
[WhiteElo "2307"]
[BlackElo "2360"]
[WhiteFideId "4162340"]
[BlackFideId "14101610"]
[EventDate "2017.09.30"]

1. c4 e6 2. g3 d5 3. Nf3 d4 4. e3 c5 5. exd4 cxd4 6. Bg2 Nf6 7. O-O Nc6 8. d3
Nd7 9. Na3 Nc5 10. Nc2 a5 11. Re1 Be7 12. b3 f6 13. Ba3 e5 14. Bxc5 Bxc5 15. Nd2
Be6 16. f4 Qd7 17. fxe5 Nxe5 18. Nf3 Ng4 19. Ng5 Ne5 20. Nxe6 Qxe6 21. Bxb7 Rd8
22. a3 O-O 23. b4 Be7 24. Bg2 Kh8 25. bxa5 Qa6 26. Nb4 Qxa5 27. Nd5 Bc5 28. Qh5
Rfe8 29. Kh1 Qd2 30. Be4 g6 31. Qh4 f5 32. Rad1 Qf2 33. Rf1 Qe2 34. Rde1 Qd2 35.
Qf6+ Kg8 36. Bxf5 gxf5 37. Rxe5 Qxd3 38. Qg5+ Kh8 39. Rfxf5 Rf8 40. Rf7 Rxf7 41.
Qxd8+ Rf8 42. Qxf8+ Bxf8 43. Kg2 Qxc4 44. Nf4 Bd6 45. Re8+ Kg7 0-1

[Event "ch-RUS Rapid Women 2017"]
[Site "Sochi RUS"]
[Date "2017.10.01"]
[Round "11.6"]
[White "Maltsevskaya, Aleksandra"]
[Black "Charochkina, Daria"]
[Result "0-1"]
[BlackTitle "IM"]
[WhiteElo "2271"]
[BlackElo "2339"]
[WhiteFideId "24174041"]
[BlackFideId "4180917"]
[EventDate "2017.09.30"]

1. e4 d5 2. exd5 Qxd5 3. Nc3 Qd6 4. d4 Nf6 5. Nf3 g6 6. Bc4 Bg7 7. O-O O-O 8.
Ne5 Nc6 9. Nb5 Qd8 10. Nxc6 bxc6 11. Nc3 Rb8 12. Bb3 Bg4 13. f3 Bf5 14. Be3 Nd5
15. Nxd5 cxd5 16. Qd2 Qd6 17. Rfe1 e5 18. c3 e4 19. Bf4 Qd7 20. fxe4 Bxe4 21.
Be5 Bxe5 22. dxe5 Qe7 23. Qf4 Rbe8 24. Rad1 Qxe5 25. Qxe5 Rxe5 26. c4 c6 27.
cxd5 cxd5 28. Rd4 Rfe8 29. Red1 Rg5 30. g3 Ree5 31. Rc1 h5 32. Kf2 Ref5+ 33. Ke3
h4 34. gxh4 Rf3+ 35. Ke2 Rg2+ 36. Ke1 Bd3 37. Rxd3 Rxd3 38. Rc5 Rxb2 39. Bxd5
Rxh2 40. Bb3 Rxh4 41. Rc8+ Kg7 42. Rc7 Rf4 43. Rxa7 g5 44. Ke2 Rc3 45. Ra5 g4
46. Rg5+ Kf6 47. Rg8 g3 48. Kd2 Rcf3 49. Ke2 Rf2+ 50. Ke3 R4f3+ 51. Kd4 g2 52.
Ke4 Ke7 53. Bd5 f5+ 54. Kd4 Rd2+ 55. Ke5 Re3+ 56. Kf4 Ree2 57. Bf3 Rf2 58. Ke3
Rxa2 59. Rg7+ Kf8 60. Rg5 f4+ 0-1

[Event "ch-RUS Rapid Women 2017"]
[Site "Sochi RUS"]
[Date "2017.10.01"]
[Round "11.7"]
[White "Potapova, Margarita"]
[Black "Ubiennykh, Ekaterina"]
[Result "1/2-1/2"]
[WhiteTitle "WFM"]
[BlackTitle "WIM"]
[WhiteElo "2187"]
[BlackElo "2308"]
[WhiteFideId "14126869"]
[BlackFideId "4137582"]
[EventDate "2017.09.30"]

1. Nf3 d5 2. d4 Nf6 3. Bf4 c5 4. dxc5 e6 5. Nc3 Bxc5 6. Qd3 O-O 7. e3 Nc6 8. a3
Bd6 9. Bg3 e5 10. Qd1 Bg4 11. Be2 d4 12. exd4 exd4 13. Bxd6 Qxd6 14. Nb5 Qd5 15.
c4 dxc3 16. Nxc3 Qa5 17. O-O Rad8 18. Qb3 Bxf3 19. Bxf3 Nd4 20. Qd1 Qb6 21. b4
Rfe8 22. Kh1 Qc7 23. Na4 b6 24. Rc1 Qf4 25. Rc3 Nxf3 26. Qxf3 Qxf3 27. Rxf3 Ne4
28. Rc1 g6 29. g3 Re7 30. Kg2 Rd2 31. Re1 Re6 32. Nc3 Ng5 33. Rfe3 Rxe3 34. Rxe3
Ne6 35. Ne4 Rd4 36. h4 a5 37. bxa5 bxa5 38. Nf6+ Kg7 39. Ne8+ Kf8 40. Nf6 h5 41.
Rc3 Ke7 42. Ng8+ Kd6 43. Nh6 Nd8 44. Rc8 Ke6 45. Ra8 Nc6 46. Rc8 Ne5 47. Re8+
Kd6 48. Rf8 Ke7 49. Ra8 Ra4 50. Ng8+ Kd6 51. Rd8+ Kc5 52. Nf6 Kc4 53. Re8 Nd3
54. Rc8+ Kb3 55. Rd8 Kc2 56. Rc8+ Kd2 57. Rc7 Rxa3 58. Rxf7 Ne1+ 59. Kh3 Ke2 60.
Nd5 Nf3 61. Kg2 Ne1+ 62. Kh3 Nd3 63. Nf4+ Nxf4+ 64. Rxf4 Kf1 65. Rf6 a4 66. Rxg6
Kxf2 67. Rg5 Rf3 68. Kh2 a3 69. Rxh5 Rxg3 70. Rf5+ Rf3 71. Ra5 Ke2 72. h5 Kd2
73. h6 Rf6 74. Rxa3 Rxh6+ 75. Rh3 1/2-1/2

[Event "ch-RUS Rapid Women 2017"]
[Site "Sochi RUS"]
[Date "2017.10.01"]
[Round "11.8"]
[White "Shaydullina, Sandugach"]
[Black "Sukhareva, Evgeniya"]
[Result "1-0"]
[WhiteTitle "WGM"]
[WhiteElo "2185"]
[BlackElo "2207"]
[WhiteFideId "4140389"]
[BlackFideId "4167155"]
[EventDate "2017.09.30"]

1. d4 Nf6 2. c4 e6 3. Nf3 d5 4. g3 c6 5. Qc2 Be7 6. Bg2 O-O 7. O-O b6 8. Nbd2
Na6 9. a3 c5 10. cxd5 exd5 11. e4 dxe4 12. Nxe4 Nxe4 13. Qxe4 Rb8 14. Bf4 Bb7
15. Qe2 Nc7 16. Rfd1 c4 17. d5 Bd6 18. Qxc4 Rc8 19. Bxd6 Qxd6 20. Qh4 Nxd5 21.
Nd4 Qd7 22. Qg5 f5 23. Rd2 h6 24. Qh4 Qf7 25. Rad1 f4 26. Nb5 Rcd8 27. Be4 fxg3
28. hxg3 Rfe8 29. Bg2 Rf8 30. Qc4 a6 31. Nc3 b5 32. Qb3 Nxc3 33. Qxf7+ Kxf7 34.
Rxd8 Nxd1 35. Rd7+ Kg8 36. Bxb7 Nxb2 37. Bxa6 Nc4 38. Bxb5 Nxa3 39. Bd3 Rb8 40.
Rd4 Nb1 41. Kg2 Kf8 42. Rd7 Kg8 43. f4 Nc3 44. Kf3 Nb1 45. Kg4 Nd2 46. Kf5 Nb3
47. Bc4+ Kh8 48. Rc7 Nd4+ 49. Ke4 Rd8 50. g4 Nc2 51. Bb3 Re8+ 52. Kd3 Ne3 53.
Bf7 Ra8 54. Kxe3 Rb8 55. Re7 Kh7 56. f5 Ra8 57. Bg6+ Kg8 58. f6 gxf6 59. Kf4 Ra1
60. Bd3 Ra5 61. Bc4+ Kf8 62. Rf7+ Ke8 63. Rxf6 Ra4 64. Re6+ Kf7 65. Re4+ Kf6 66.
Re6+ Kf7 67. Rc6+ Ke7 68. Ke5 Kd7 69. Bb5 Rb4 70. Rc5+ Ke7 71. Be2 Rb2 72. Bf3
Rb3 73. Be4 Rb6 74. Rc7+ Kf8 75. Bf5 Kg8 76. Be6+ Kh8 77. Kf6 Ra6 78. Kf7 Ra8
79. Kg6 h5 80. Rh7# 1-0

[Event "ch-RUS Rapid Women 2017"]
[Site "Sochi RUS"]
[Date "2017.10.01"]
[Round "11.9"]
[White "Belenkaya, Dina"]
[Black "Bezgodova, Svetlana"]
[Result "1-0"]
[WhiteTitle "WGM"]
[BlackTitle "WIM"]
[WhiteElo "2346"]
[BlackElo "2060"]
[WhiteFideId "24142654"]
[BlackFideId "4110650"]
[EventDate "2017.09.30"]

1. e4 e5 2. Nf3 Nc6 3. Nc3 Nf6 4. d4 exd4 5. Nxd4 Bb4 6. Nxc6 bxc6 7. Bd3 O-O 8.
O-O d5 9. exd5 cxd5 10. h3 c6 11. Qf3 Re8 12. Bf4 Bd6 13. Rfe1 Be6 14. Ne2 c5
15. Rad1 Rb8 16. b3 Rb4 17. c4 d4 18. Bxd6 Qxd6 19. Nf4 a5 20. Qg3 g6 21. Nd5
Qd8 22. Nxb4 axb4 23. Qg5 Nd7 24. Qxd8 Rxd8 25. Be4 Kf8 26. a4 bxa3 27. Ra1 Nf6
28. Rxa3 Nxe4 29. Rxe4 d3 30. Re1 h5 31. Rd1 Bf5 32. Ra5 Rc8 33. Kf1 Kg7 34. Rd2
Kf6 35. f4 h4 36. Ke1 Be4 37. Rf2 Ke6 38. Kd2 Rc6 39. Kc3 f5 40. Ra7 Kf6 41. Rh7
Ra6 42. Kb2 Re6 43. Kc3 Ra6 44. Rc7 Ra5 45. Rd2 g5 46. Rh7 Kg6 47. Rh8 gxf4 48.
Rxh4 Kg5 49. Rh8 Ra1 50. Rg8+ Kf6 51. Rc8 Rc1+ 52. Kb2 Rg1 53. Kc3 Rc1+ 54. Kb2
Rg1 55. Rxc5 Rxg2 56. Kc3 f3 57. Ra5 Kg5 58. Raa2 Kf4 59. Kd4 Rxd2 60. Rxd2 Kg3
61. Ke3 f4+ 62. Kxe4 f2 63. Rd1 d2 64. Kd3 Kxh3 65. Kxd2 Kg2 66. Ke2 f3+ 67. Ke3 1-0

[Event "ch-RUS Rapid Women 2017"]
[Site "Sochi RUS"]
[Date "2017.10.01"]
[Round "11.10"]
[White "Bykova, Anastasia"]
[Black "Kharmunova, Nadezhda"]
[Result "1-0"]
[WhiteTitle "WFM"]
[BlackTitle "WIM"]
[WhiteElo "2234"]
[BlackElo "2199"]
[WhiteFideId "4164970"]
[BlackFideId "4195876"]
[EventDate "2017.09.30"]

1. d4 Nf6 2. Nf3 e6 3. g3 b6 4. Bg2 Bb7 5. c4 Be7 6. O-O O-O 7. Nc3 Ne4 8. Qc2
d5 9. cxd5 exd5 10. Bf4 Nd7 11. Ne5 Ndf6 12. Nxe4 dxe4 13. Rfd1 Bd6 14. Bg5 Re8
15. Ng4 Bd5 16. Bxf6 gxf6 17. Nh6+ Kh8 18. f3 exf3 19. Bxf3 Bf8 20. Nf5 Bxf3 21.
exf3 Qd5 22. Kg2 Re6 23. a3 Rae8 24. Rd2 Qb5 25. Rf1 Re2+ 26. Rf2 Re1 27. g4 Bd6
28. Nxd6 cxd6 29. Qc7 Qd5 30. Qxa7 f5 31. h3 fxg4 32. hxg4 Rg8 33. Kg3 f5 34.
Rh2 Rg7 35. Qb8+ Qg8 36. Qxg8+ Kxg8 37. Kf2 Re8 38. gxf5 Rf8 39. Rh5 Rgf7 40.
Rg5+ Kh8 41. Ke3 Rxf5 42. Rxf5 Rxf5 43. Ke4 Rb5 44. b4 Kg7 45. d5 Kf6 46. Rh2
Kg6 47. Kd4 h5 48. Kc4 1-0

[Event "ch-RUS Rapid Women 2017"]
[Site "Sochi RUS"]
[Date "2017.10.01"]
[Round "11.11"]
[White "Girya, Olga"]
[Black "Kabanova, Ekaterina"]
[Result "1/2-1/2"]
[WhiteTitle "WGM"]
[BlackTitle "WFM"]
[WhiteElo "2505"]
[BlackElo "2205"]
[WhiteFideId "4195752"]
[BlackFideId "24112917"]
[EventDate "2017.09.30"]

1. d4 e6 2. c4 f5 3. Nf3 Nf6 4. g3 b6 5. Bg2 Bb7 6. O-O Bd6 7. Nc3 O-O 8. Ne1
Bxg2 9. Nxg2 a5 10. Qc2 Na6 11. a3 Qe8 12. Bf4 Be7 13. f3 Rc8 14. e4 Nh5 15. Be3
fxe4 16. fxe4 e5 17. dxe5 Bc5 18. Bxc5 Nxc5 19. g4 Qxe5 20. gxh5 Qd4+ 21. Kh1
Nd3 22. Qd2 Rf2 23. Qe3 Rcf8 24. Rxf2 Nxf2+ 25. Kg1 Nh3+ 26. Kh1 Nf2+ 27. Kg1 1/2-1/2

[Event "ch-RUS Rapid Women 2017"]
[Site "Sochi RUS"]
[Date "2017.10.01"]
[Round "11.12"]
[White "Styazhkina, Anna"]
[Black "Kovanova, Baira"]
[Result "1/2-1/2"]
[WhiteTitle "WIM"]
[BlackTitle "WGM"]
[WhiteElo "2301"]
[BlackElo "2368"]
[WhiteFideId "24119300"]
[BlackFideId "4164083"]
[EventDate "2017.09.30"]

1. e4 e5 2. Nf3 d6 3. d4 exd4 4. Nxd4 Nf6 5. Nc3 Be7 6. g3 Bg4 7. f3 Bd7 8. Be3
Nc6 9. Qd2 Ne5 10. Be2 a6 11. f4 Neg4 12. Bg1 c5 13. Nf3 Bc6 14. Qd3 b5 15. h3
b4 16. Nd5 Bb5 17. Qd1 Nxd5 18. Qxd5 Bxe2 19. Qc6+ Kf8 20. Kxe2 Nf6 21. Nd2 a5
22. Rd1 Rc8 23. Qb7 Rb8 24. Qc6 Rb6 25. Qa4 Qa8 26. Be3 Nxe4 27. Nxe4 Qxe4 28.
Kf2 Rb8 29. Rhe1 Qf5 30. Qxa5 Qxh3 31. Qc7 Re8 32. Bxc5 Qh2+ 33. Kf1 Qh3+ 34.
Kf2 Qh2+ 1/2-1/2

[Event "ch-RUS Rapid Women 2017"]
[Site "Sochi RUS"]
[Date "2017.10.01"]
[Round "11.13"]
[White "Garifullina, Leya"]
[Black "Drozdova, Dina"]
[Result "0-1"]
[WhiteTitle "WCM"]
[BlackTitle "WIM"]
[WhiteElo "1970"]
[BlackElo "2223"]
[WhiteFideId "34127035"]
[BlackFideId "4170695"]
[EventDate "2017.09.30"]

1. e4 d6 2. d4 Nf6 3. Nc3 e5 4. Nf3 Nbd7 5. Bc4 Be7 6. O-O O-O 7. h3 c6 8. a4 h6
9. Be3 Re8 10. dxe5 dxe5 11. Qe2 Qc7 12. Rfd1 Nf8 13. Nd2 Be6 14. Nb3 Bb4 15.
Na2 Be7 16. Nc3 b6 17. Bxe6 Nxe6 18. Qc4 a6 19. Qe2 b5 20. a5 c5 21. Nd5 Nxd5
22. Rxd5 Nd4 23. Bxd4 cxd4 24. Rd1 Rac8 25. c3 dxc3 26. Rd7 Qc4 27. Qc2 cxb2 28.
Qxb2 Qxe4 29. R7d5 Bf8 30. R5d2 Qb4 31. Qa2 Rc3 32. Nc1 Qc4 33. Qb1 e4 34. Ne2
Rb3 35. Qa2 Rd3 36. Qxc4 bxc4 37. Nf4 Bb4 38. Nxd3 Bxd2 39. Nc5 c3 40. Nb3 Rd8
41. Nxd2 Rxd2 42. Rc1 c2 43. Kh2 Rxf2 44. Kg3 e3 45. h4 g6 46. Re1 f5 47. Rc1
f4+ 48. Kh3 Kf7 49. Ra1 e2 0-1

[Event "ch-RUS Rapid Women 2017"]
[Site "Sochi RUS"]
[Date "2017.10.01"]
[Round "11.14"]
[White "Voit, Daria"]
[Black "Markelova, Lubov"]
[Result "1-0"]
[WhiteTitle "FM"]
[BlackTitle "WFM"]
[WhiteElo "2387"]
[BlackElo "2115"]
[WhiteFideId "4182146"]
[BlackFideId "24131369"]
[EventDate "2017.09.30"]

1. d4 d5 2. c4 c6 3. Nc3 Nf6 4. Nf3 e6 5. e3 Nbd7 6. Qc2 Bd6 7. Bd3 dxc4 8. Bxc4
b5 9. Be2 Bb7 10. O-O O-O 11. e4 e5 12. Rd1 Qc7 13. Bg5 exd4 14. Rxd4 b4 15.
Bxf6 Nxf6 16. e5 Bxe5 17. Rxb4 Bxc3 18. bxc3 c5 19. Rh4 Rfe8 20. Bd3 h6 21. Nd2
Rad8 22. Nc4 Nd5 23. Be4 Nxc3 24. Qxc3 Bxe4 25. Rg4 g6 26. Rc1 h5 27. Rg3 Qd7
28. h3 Qd4 29. Na5 Re5 30. Nb3 Qxc3 31. Rgxc3 Rc8 32. Nxc5 Bf5 33. a3 a5 34. f3
Re2 35. g4 hxg4 36. hxg4 Be6 37. Kf1 Ra2 38. R1c2 Rxc2 39. Rxc2 Bd5 40. Kf2 Rc6
41. Ke3 Kf8 42. Rc3 Ke7 43. Kd4 Rd6 44. Ke3 Rc6 45. f4 f5 46. gxf5 gxf5 47. Kd4
Rd6 48. Ke5 Be4 49. Nxe4 fxe4 50. Kxe4 Kf6 51. Rc5 Ra6 52. a4 Ke6 53. Rh5 Kf7
54. Rc5 Kf6 55. Kd4 Rd6+ 56. Kc4 Re6 57. Kb5 Re4 58. f5 Rb4+ 59. Kxa5 Rb1 60.
Ka6 Rb2 61. a5 Rb1 62. Rb5 Rd1 63. Kb6 Rd6+ 64. Kc7 Rd4 65. a6 1-0

[Event "ch-RUS Rapid Women 2017"]
[Site "Sochi RUS"]
[Date "2017.10.01"]
[Round "11.15"]
[White "Shafigullina, Zarina"]
[Black "Semenova, Elena1"]
[Result "0-1"]
[WhiteTitle "WFM"]
[BlackTitle "WIM"]
[WhiteElo "2130"]
[BlackElo "2284"]
[WhiteFideId "24174220"]
[BlackFideId "24125148"]
[EventDate "2017.09.30"]

1. d4 Nf6 2. Nf3 b6 3. g3 Bb7 4. Bg2 g6 5. O-O Bg7 6. c4 O-O 7. Nc3 d6 8. Re1
Nbd7 9. e4 e5 10. d5 a5 11. Nd2 Nc5 12. Nf1 Nfd7 13. g4 Bf6 14. Be3 Bg5 15. Qd2
Bxe3 16. Qxe3 Kg7 17. Ng3 h6 18. Nge2 Qg5 19. Qg3 h5 20. gxh5 Qxh5 21. f4 exf4
22. Nxf4 Qe5 23. Rad1 Rh8 24. Nce2 Nf6 25. Nd4 Nh5 26. Nxh5+ Rxh5 27. Nf5+ Kf8
28. Qxe5 dxe5 29. Ng3 Rh4 30. b3 Ke7 31. Re3 Rah8 32. Nf1 Bc8 33. a3 Bg4 34. Rd2
Kd6 35. b4 axb4 36. axb4 Nd7 37. Rdd3 f5 38. Ra3 f4 39. Rec3 Be2 40. h3 g5 41.
Kf2 Bxf1 42. Bxf1 g4 43. hxg4 Nf6 44. c5+ bxc5 45. bxc5+ Kd7 46. Kf3 Nh7 47. Ke2
Ng5 48. Kd3 Rh1 49. Ra1 R8h2 50. Rcc1 Rg1 51. Ra7 Rg3+ 52. Kc4 Nxe4 53. Kb4 Rb2+
54. Ka4 Ra2+ 55. Kb4 Rxa7 56. Bb5+ Ke7 57. Rh1 Nf6 58. Rh8 Nxd5+ 59. Kc4 Nf6 60.
g5 Rxg5 0-1

[Event "ch-RUS Rapid Women 2017"]
[Site "Sochi RUS"]
[Date "2017.10.01"]
[Round "11.16"]
[White "Belova, Olga"]
[Black "Demchenko, Alisa"]
[Result "0-1"]
[WhiteTitle "WFM"]
[WhiteElo "2096"]
[BlackElo "1978"]
[WhiteFideId "4138422"]
[BlackFideId "34100080"]
[EventDate "2017.09.30"]

1. e4 e6 2. d4 d5 3. Nc3 Nf6 4. Bg5 dxe4 5. Nxe4 Be7 6. Bxf6 gxf6 7. g3 f5 8.
Nc3 a6 9. Bg2 Qd6 10. Nge2 Nd7 11. O-O Nf6 12. Nf4 O-O 13. Re1 Rd8 14. d5 e5 15.
Nd3 e4 16. Nf4 c6 17. dxc6 Qxc6 18. Qe2 Bb4 19. Red1 Be6 20. Nxe6 fxe6 21. Qe3
Bxc3 22. bxc3 Nd5 23. Qh6 Re8 24. g4 Nxc3 25. Re1 Re7 26. Re3 Rg7 27. gxf5 exf5
28. Qxc6 bxc6 29. Rxc3 f4 30. f3 e3 31. Rxc6 Rd8 32. Rxa6 h5 33. Kh1 Rd2 34. Bh3
e2 35. Ra8+ Kh7 36. Bf5+ Kh6 37. Re1 Rd1 38. Ra6+ Kg5 39. Bd3 Kh4 40. Bg6 Rxe1+
41. Kg2 Rf1 42. Ra5 Rxg6+ 0-1